002650000a22001210004500060000800000082001900008100001600027100001700043245003900060260002700099260000900126300000800135 a100 a582.130 12 TRI aSharma, B B aTrivedi, B S aIntroductory taxonomy: angiosperms aAllahabad, Kitab Mahal c1968 a320